<?xml version="1.0" encoding="UTF-8"?>
<record
    xmlns:xsi="http://www.w3.org/2001/XMLSchema-instance"
    xsi:schemaLocation="http://www.loc.gov/MARC21/slim http://www.loc.gov/standards/marcxml/schema/MARC21slim.xsd"
    xmlns="http://www.loc.gov/MARC21/slim">

  <leader>02751cam a2200325 i 4500</leader>
  <controlfield tag="001">a19174175</controlfield>
  <controlfield tag="003">SIRSI</controlfield>
  <controlfield tag="005">20250325150117.0</controlfield>
  <controlfield tag="008">160620t20172017enk      b    001 0 eng  </controlfield>
  <datafield tag="010" ind1=" " ind2=" ">
    <subfield code="a">  2016020587</subfield>
  </datafield>
  <datafield tag="020" ind1=" " ind2=" ">
    <subfield code="a">9781509503728</subfield>
    <subfield code="q">hardback</subfield>
    <subfield code="q">alkaline paper</subfield>
  </datafield>
  <datafield tag="035" ind1=" " ind2=" ">
    <subfield code="a">(OCoLC)954133984</subfield>
  </datafield>
  <datafield tag="040" ind1=" " ind2=" ">
    <subfield code="a">DLC</subfield>
    <subfield code="b">eng</subfield>
    <subfield code="e">rda</subfield>
    <subfield code="c">YUS</subfield>
    <subfield code="d">DLC</subfield>
    <subfield code="d">YDXCP</subfield>
    <subfield code="d">BTCTA</subfield>
    <subfield code="d">BDX</subfield>
    <subfield code="d">PIT</subfield>
    <subfield code="d">HTM</subfield>
    <subfield code="d">NGU</subfield>
    <subfield code="d">GZN</subfield>
  </datafield>
  <datafield tag="041" ind1="1" ind2=" ">
    <subfield code="a">eng</subfield>
    <subfield code="h">fre</subfield>
  </datafield>
  <datafield tag="042" ind1=" " ind2=" ">
    <subfield code="a">pcc</subfield>
  </datafield>
  <datafield tag="050" ind1="0" ind2="0">
    <subfield code="a">HM1176</subfield>
    <subfield code="b">.C5713 2017</subfield>
  </datafield>
  <datafield tag="100" ind1=" " ind2=" ">
    <subfield code="a">Citton, Yves.</subfield>
    <subfield code="e">author.</subfield>
    <subfield code="9">25025</subfield>
  </datafield>
  <datafield tag="240" ind1="1" ind2="0">
    <subfield code="a">Pour une &#xE9;cologie de l'attention.</subfield>
    <subfield code="l">English</subfield>
  </datafield>
  <datafield tag="245" ind1="1" ind2="4">
    <subfield code="a">The ecology of attention </subfield>
    <subfield code="c">/ Yves Citton ; translated by Barnaby Norman.</subfield>
  </datafield>
  <datafield tag="250" ind1=" " ind2=" ">
    <subfield code="a">English edition.</subfield>
  </datafield>
  <datafield tag="264" ind1=" " ind2="1">
    <subfield code="a">Cambridge, UK ;</subfield>
    <subfield code="a">Malden, MA :</subfield>
    <subfield code="b">Polity Press,</subfield>
    <subfield code="c">[2017]</subfield>
  </datafield>
  <datafield tag="264" ind1=" " ind2="4">
    <subfield code="c">&#xA9;2017</subfield>
  </datafield>
  <datafield tag="300" ind1=" " ind2=" ">
    <subfield code="a">x, 227 pages ;</subfield>
    <subfield code="c">24 cm</subfield>
  </datafield>
  <datafield tag="504" ind1=" " ind2=" ">
    <subfield code="a">Includes bibliographical references and index.</subfield>
  </datafield>
  <datafield tag="505" ind1="0" ind2=" ">
    <subfield code="a">From attention economy to attention ecology &#x2014;
Collective attention &#x2014;
Media enthralments and attention regimes &#x2014;
Attentional capitalism &#x2014;
The digitalisation of attention &#x2014;
Joint attention &#x2014;
Presential attention &#x2014;
The micro-politics of attention &#x2014;
Individuating attention &#x2014;
Attention in laboratories &#x2014;
Reflexive attention &#x2014;
Towards an attention echology.</subfield>
  </datafield>
  <datafield tag="520" ind1=" " ind2=" ">
    <subfield code="a">Information overload, the shallows, weapons of mass distraction, the googlization of minds: countless commentators condemn the flood of images and information that dooms us to a pathological attention deficit.

In this new book, cultural theorist Yves Citton goes against the tide of these standard laments to offer a new perspective on the problem of attention in the digital age. Phrases like &#x91;paying attention&#x92; and &#x91;investing one&#x92;s attention&#x92; attest to our mistaken belief that attention can be conceptualized in narrow economic terms. We are constantly drawn towards attempts to quantify and commodify attention, even down to counting the number of 'likes' a picture receives on Facebook or a video on YouTube. By contrast, Citton argues that we should conceptualize attention as a kind of ecology and examine how the many different environments to which we are exposed &#x96; from advertising to literature, search engines to performance art &#x96; condition our attention in different ways.

In a world where the demands on our attention are ever-increasing, this timely and original book will be of great interest to students and scholars in media and communications and in literary and cultural studies, and to anyone concerned about the long-term consequences of the profusion of images as well as digital content in the age of the internet.</subfield>
  </datafield>
  <datafield tag="650" ind1=" " ind2="0">
    <subfield code="a">Attention</subfield>
    <subfield code="x">Social aspects.</subfield>
  </datafield>
  <datafield tag="650" ind1=" " ind2="0">
    <subfield code="a">Perceptual learning.</subfield>
    <subfield code="9">25026</subfield>
  </datafield>
  <datafield tag="942" ind1=" " ind2=" ">
    <subfield code="2">lcc</subfield>
  </datafield>
  <datafield tag="952" ind1=" " ind2=" ">
    <subfield code="0">0</subfield>
    <subfield code="1">0</subfield>
    <subfield code="2">lcc</subfield>
    <subfield code="4">0</subfield>
    <subfield code="7">0</subfield>
    <subfield code="a">TBS</subfield>
    <subfield code="b">TBS</subfield>
    <subfield code="d">2025-03-25</subfield>
    <subfield code="l">0</subfield>
    <subfield code="o">HM1176 CIT</subfield>
    <subfield code="p">B07566</subfield>
    <subfield code="r">2025-03-25</subfield>
    <subfield code="t">1</subfield>
    <subfield code="w">2025-03-25</subfield>
    <subfield code="y">1</subfield>
  </datafield>
  <datafield tag="999" ind1=" " ind2=" ">
    <subfield code="c">4583</subfield>
    <subfield code="d">4583</subfield>
  </datafield>
</record>
